Os diamantes de Lizy Jones (Registo nº 1894)

Detalhes MARC
000 -Etiqueta do registo
Cabeçalho 01010nam a2200325 4500
005 - Identificador da versão
Campo de controlo 20240813121919.0
095 ## -
-- PTBN00147677
010 ## - Número internacional normalizado dos livros (ISBN)
Número (ISBN) 9724301583
021 ## - Número do Depósito Legal
Código do país PT
Número 27990/89
100 ## - Dados gerais de processamento
Dados gerais de processamento 20070522d1989 da.y0pory5003 ba
102 ## - Pais de publicação ou produção
País de publicação Portugal
101 1# - Língua de publicação
Língua do texto, banda sonora, etc. Português
Língua do documento no original Francês
106 ## - Campo de dados codificados: material textual
Dados codificados do material textual r
105 ## - Campo de dados codificados: livros
Dados codificados dos livros a z 001ay
215 ## - Descrição física 
Indicação específica da natureza do documento e extensão da espécie 87, [6] p.
Outras indicações físicas il.
Dimensões 18 cm
200 1# - Titulo e menção de responsabilidade
Título próprio Os diamantes de Lizy Jones
Primeira menção de responsabilidade Henriette Bichonnier
Outras menções de responsabilidade il. François Place
-- trad. Maria Alice Chicó, adapt. Martins da Rocha
225 2# - Colecção 
Título próprio da colecção Edinter bolso
Indicação de volume 4
210 ## - Publicação, Distribuição, etc. 
Lugar da edição, distribuição, etc. Porto
Nome do editor, distribuidor, etc. Edinter
Data da publicação, distribuição, etc. D.L. 1989
606 ## - Nome comum usado como assunto
Número de registo de entrada de autoridade 0000229
Palavra de ordem Literatura estrangeira infanto-juvenil
Subdivisão de assunto Romance de aventuras
675 ## - Classificação Decimal Universal (CDU)
Notação 82-311.3
Edição
Língua da edição por
702 #1 - Nome de autor-pessoa física (responsabilidade secundária)
Número de registo de entrada de autoridade 0000476
Palavra de ordem Place
Outra parte do nome não tomada para palavra de ordem François
Código de função Ilustrador / Técnico de desenho computorizado
Número de registo de entrada de autoridade 0000477
Palavra de ordem Chicó
Outra parte do nome não tomada para palavra de ordem Maria Alice
Código de função Tradutor
Número de registo de entrada de autoridade 0000478
Palavra de ordem Rocha
Outra parte do nome não tomada para palavra de ordem Martins da
Código de função Adaptador
700 #1 - Nome de autor-pessoa física (responsabilidade principal)
Número de registo de entrada de autoridade 0000475
Palavra de ordem Bichonnier
Outra parte do nome não tomada para palavra de ordem Henriette
942 ## - Elementos de entrada adicionados (Koha)
Tipo de item no Koha Livro
Exemplares
Situação do levantamento Origin of item (home branch) (coded) Biblioteca de empréstimo Código de barras Cota Circulation type (not for loan) Tipo de documento Nota do exemplar Damaged status
  Biblioteca Escolar da Coca Maravilhas Biblioteca Escolar da Coca Maravilhas BECM2577/94 8EST BIC   Livro Sem mensagem